Statistics for Full House Theme Song (Lyrics)

Click here to take the quiz!

General Stats

  • This quiz has been taken 137 times
  • The average score is 46 of 68

Answer Stats

Answer% Correct
ever
97%
the
93%
the
93%
to
93%
to
93%
to
93%
a
91%
a
91%
a
91%
a
91%
a
91%
what
87%
you
87%
you
87%
you
87%
you
87%
you
87%
you
87%
you
87%
you
87%
you
87%
paper
85%
tv
82%
happened
80%
everywhere
79%
everywhere
79%
everywhere
79%
everywhere
79%
everywhere
79%
everywhere
79%
look
76%
look
76%
look
76%
look
76%
look
76%
milkman
75%
evening
71%
there
68%
predictability
65%
heart
61%
heart
61%
somebody
60%
go
59%
go
59%
there's
55%
there's
55%
there's
55%
hold
54%
and
53%
who
53%
needs
49%
when
49%
hand
48%
is
48%
all
47%
home
47%
alone
43%
carry
42%
lost
42%
onto
42%
you're
42%
you're
42%
out
39%
waiting
39%
light
34%
of
33%
face
28%
everwhere
2%

Score Distribution

Percentile by Number Answered

Percent of People with Each Score

Your Score History

You have not taken this quiz